|
|
|
|
| LEADER |
01330nam a2200265 a 4500 |
| 001 |
15457403 |
| 003 |
BD-DhAAL |
| 008 |
090721s2008 bg bs 000 0 eng d |
| 010 |
|
|
|a 2008331979
|
| 040 |
|
|
|a DLC
|c DLC
|d BD-DhAAL
|
| 082 |
0 |
0 |
|a 372.095492
|2 22
|
| 245 |
0 |
0 |
|a Education for all in Bangladesh :
|b where does Bangladesh stand in achieving the EFA goals by 2015?
|
| 260 |
|
|
|a Dhaka :
|b Human Development Unit, South Asia Region, The World Bank,
|c 2008.
|
| 300 |
|
|
|a xv, 64 pages ;
|c 30 cm.
|
| 490 |
0 |
|
|a Bangladesh development series ;
|v paper no. 24
|
| 500 |
|
|
|a Includes statistical tables.
|
| 504 |
|
|
|a Includes bibliographical references (p. 61-62).
|
| 526 |
|
|
|x Salim khan
Sr. program Associate
James P. Grant School.
Course name and no. N/A
|
| 541 |
1 |
|
|a A H Development publishing house
|e 00018485
|
| 650 |
|
0 |
|a Education, Primary
|z Bangladesh.
|
| 710 |
2 |
|
|a World Bank.
|b South Asia Regional Office.
|b Human Development Unit.
|9 57978
|
| 852 |
4 |
|
|a School of Public Health
|j General Shelf.
|
| 942 |
|
|
|2 ddc
|c BK
|
| 999 |
|
|
|c 2661
|d 2661
|
| 952 |
|
|
|0 0
|1 0
|2 ddc
|4 0
|6 372_095492000000000_EDU
|7 0
|9 2445
|a JPGSPH
|b JPGSPH
|d 2009-04-29
|e A H Development Publishing House.
|g 7800.00
|l 0
|o 372.095492 EDU
|p 3060018485
|r 2009-07-22
|t 1
|w 2009-07-22
|y BK
|x Requisitioned by Salim khan, Sr. program Associate, James P. Grant School. Course name and no. N/A
|